000 00459 a2200157 4500
001 75703
020 _a8574060178 (broch.)
040 _cAnchieta - Colégio São Paulo
100 _aAzevedo, Ricardo
240 1 0 _aUma velhinha de óculos, chinelos e vestido azul de bolinhas brancas
_l
245 1 0 _aUma velhinha de óculos, chinelos e vestido azul de bolinhas brancas
300 _a[32]
362 0 _a2005
650 4 _aLiteratura juvenil
942 _cBK
999 _c75703
_d75703